000
002630000a22000970004500
100
1
_a
Sledge, Randall D.
245
1
0
_a
Introducción a la primera Epístola de Pedro
300
_a
Num. 20 (Octubre, 1982), Páginas 9-19
773
0
_t
Diálogo teológico
942
_c
ANA
999
_c
53322
_d
53322